000 01093nam a22002897a 4500
005 2013010202172.0
008 121226t xxu||||| |||| 00| 0 hin d
010 _aHIN-97851
020 _c250.00
_a9789380183831
035 _aHN-70197
037 _bDBAD / PUB
040 _aDPL
_bHN
082 _a
100 _927482
_aमटियानी, शैलेश
245 _aमैमूद /
_cशैलेश मटियानी
246 _aMaimood
_bby Shailesh Matiyani
260 _bज्ञान गंगा
_c2012
_aदिल्ली
270 _a205-सी, चावड़ी बाजार
_bदिल्ली
_e110006
300 1 _a200पृ.
_c22सेमी (सजिल्द)
650 _91170
_aलघु कथाएँ, हिन्दी
650 _954593
_aShort Stories, Hindi
700 _927483
710 _952094
711 _952444
942 _adpl
_cHN
_2ddc
_mमटिया
_h
999 _c72597
_d72597